Algú com tu (Record no. 4864)

MARC details
000 -CABECERA
campo de control de longitud fija 02322cam a2200325 i 4500
001 - NÚMERO DE CONTROL
campo de control 8123200
005 - FECHA Y HORA DE LA ÚLTIMA TRANSACCIÓN
campo de control 20250826113728.0
008 - DATOS DE LONGITUD FIJA--INFORMACIÓN GENERAL
campo de control de longitud fija 150312s2015 sp 000 f cat
010 ## - NÚMERO DE CONTROL DE LA BIBLIOTECA DEL CONGRESO
Número de control de LC 2015420299
020 ## - NÚMERO INTERNACIONAL ESTÁNDAR DEL LIBRO
Número Internacional Estándar del Libro 9788497082761
035 ## - NÚMERO DE CONTROL DEL SISTEMA
Número de control de sistema (OCoLC)ocn911241103
035 ## - NÚMERO DE CONTROL DEL SISTEMA
Número de control de sistema (CaBVaU)8123200
040 ## - FUENTE DE LA CATALOGACIÓN
Centro catalogador/agencia de origen DLC
Lengua de catalogación eng
Centro/agencia transcriptor DLC
Normas de descripción rda
Centro/agencia modificador CGU
-- IUL
-- OCLCO
-- WAU
-- OCLCO
-- OCLCF
-- OCLCO
-- UBC
-- UtOrBLW
041 ## - CÓDIGO DE LENGUA
Código de lengua del texto/banda sonora o título independiente Català
042 ## - CÓDIGO DE AUTENTICACIÓN
Código de autenticación pcc
050 00 - SIGNATURA TOPOGRÁFICA DE LA BIBLIOTECA DEL CONGRESO
Número de clasificación PC3942.12.O776
Número de documento/Ítem A44 2015
100 ## - ENTRADA PRINCIPAL--NOMBRE DE PERSONA
Nombre de persona Bosch, Xavier,
Fechas asociadas al nombre 1967-
Término indicativo de función/relación author.
245 10 - MENCIÓN DE TÍTULO
Título Algú com tu
Mención de responsabilidad, etc. / Xavier Bosch.
250 ## - MENCIÓN DE EDICIÓN
Mención de edición First edition
264 #1 - PRODUCCIÓN, PUBLICACIÓN, DISTRIBUCIÓN, FABRICACIÓN Y COPYRIGHT
Producción, publicación, distribución, fabricación y copyright Barcelona :
Nombre del de productor, editor, distribuidor, fabricante Planeta,
Fecha de producción, publicación, distribución, fabricación o copyright 2015.
300 ## - DESCRIPCIÓN FÍSICA
Extensión 348 pages ;
Dimensiones 24 cm
490 1# - MENCIÓN DE SERIE
Mención de serie Ramon Llull narrativa
520 ## - SUMARIO, ETC.
Sumario, etc. «Van resseguir la rue de Seine gairebé sense veure el carrer, pendents com estaven l'un de l'altre. El JeanPierre, cicerone amb ganes d'agradar, explicava curiositats del barri que ella escoltava en silenci. Allà on la vorera es feia més estreta, va semblar-li que, sense voler, es fregaven les mans. Pell amb pell. I va tenir una esgarrifança. Van trencar per la rue de Buci, atapeïda de turistes asseguts a les terrasses amb ombra, i de seguida van ser al boulevard Saint-Germain». El Jean-Pierre Zanardi, galerista a la Rive Gauche, és un esperit lliure. La Paulina Homs, de vida tranquil·la i familiar a Barcelona, arriba a París per al casament de la seva cosina.
520 ## - SUMARIO, ETC.
Sumario, etc. “They walked along the rue de Seine almost without noticing the street, so absorbed were they in one another. Jean-Pierre, eager to please as a cicerone, pointed out curiosities of the neighbourhood, which she listened to in silence. Where the pavement narrowed, it seemed to her that, without meaning to, their hands brushed. Skin against skin. And she shivered. They turned into the rue de Buci, crowded with tourists sitting in the shaded terraces, and soon found themselves on the boulevard Saint-Germain.”<br/><br/>Jean-Pierre Zanardi, a gallery owner on the Rive Gauche, is a free spirit. Paulina Homs, who leads a quiet family life in Barcelona, arrives in Paris for her cousin’s wedding.
650 #0 - PUNTO DE ACCESO ADICIONAL DE MATERIA--TÉRMINO DE MATERIA
Término de materia o nombre geográfico como elemento de entrada Man-woman relationships
Subdivisión de forma Fiction.
9 (RLIN) 11134
650 #0 - PUNTO DE ACCESO ADICIONAL DE MATERIA--TÉRMINO DE MATERIA
Término de materia o nombre geográfico como elemento de entrada Mothers and daughters
Subdivisión de forma Fiction.
650 #0 - PUNTO DE ACCESO ADICIONAL DE MATERIA--TÉRMINO DE MATERIA
Término de materia o nombre geográfico como elemento de entrada Family secrets
Subdivisión de forma Fiction
9 (RLIN) 23679
830 #0 - PUNTO DE ACCESO ADICIONAL DE SERIE-TÍTULO UNIFORME
Título uniforme Ramon Llull.
Nombre de parte o sección de la obra Narrativa.
942 ## - ELEMENTOS DE ENTRADA AGREGADA (KOHA)
Fuente del sistema de clasificación o colocación Clasificación de Library of Congress
Holdings
Estado de retiro Estado de pérdida Fuente del sistema de clasificación o colocación Estado dañado No para préstamo Biblioteca de origen Biblioteca actual Fecha de adquisición Total de préstamos Signatura topográfica completa Código de barras Fecha visto por última vez Número de copia Precio válido a partir de Tipo de ítem Koha
    Clasificación de Library of Congress     TBS Barcelona TBS Barcelona 26/08/2025   P-CAT BOS B05648 26/08/2025 1 26/08/2025 Book

Powered by Koha